000 00301nam a22001217a 4500
008 160420b xxu||||| |||| 00| 0 eng d
020 _a9780827381483
020 _a0827381484
041 _aeng
080 _a618.2
245 1 0 _aPediatric Nursing:
_cNicki L.Potts; Barbara L. Mandleco;
942 _2udc
_cBK
999 _c1457
_d1457